00308 a2200133 4500001000700000020001800007040003500025100002300060240003400083245002900117300001000146362000900156440000900165156987 a9788596015745 cEscola São Tomás de Aquino aCARRARO, Fernando 10aSomos parte da mudançalpor10aSomos parte da mudança a48 p.0 a2018 1aFTD